Review of PRGF Program Design : Overview.

Part of the Fund's periodic reviews of its policy advice to member countries, and responds to calls by Executive Directors for further staff analysis on improving the design of such programs. In the context of the recent discussions on the design of the broad range of Fund-supported programs, D...

Полное описание

Библиографические подробности
Соавтор: International Monetary Fund
Формат: Журнал
Язык:English
Опубликовано: Washington, D.C. : International Monetary Fund, 2005.
Серии:Policy Papers; Policy Paper ; No. 2005/045
Online-ссылка:Full text available on IMF
LEADER 01560cas a2200241 a 4500
001 AALejournalIMF019593
008 230101c9999 xx r poo 0 0eng d
020 |c 5.00 USD 
020 |z 9781498331265 
022 |a 2663-3493 
040 |a BD-DhAAL  |c BD-DhAAL 
110 2 |a International Monetary Fund. 
245 1 0 |a Review of PRGF Program Design :   |b Overview. 
264 1 |a Washington, D.C. :  |b International Monetary Fund,  |c 2005. 
300 |a 1 online resource (25 pages) 
490 1 |a Policy Papers 
500 |a <strong>Off-Campus Access:</strong> No User ID or Password Required 
500 |a <strong>On-Campus Access:</strong> No User ID or Password Required 
506 |a Electronic access restricted to authorized BRAC University faculty, staff and students 
520 3 |a Part of the Fund's periodic reviews of its policy advice to member countries, and responds to calls by Executive Directors for further staff analysis on improving the design of such programs. In the context of the recent discussions on the design of the broad range of Fund-supported programs, Directors also requested more in-depth analytical studies of disaggregated and homogenous groups, as well as a closer look at how progress towards external viability in low-income countries (LICs) can be improved. The review also seeks to address these requests. 
538 |a Mode of access: Internet 
830 0 |a Policy Papers; Policy Paper ;  |v No. 2005/045 
856 4 0 |z Full text available on IMF  |u http://elibrary.imf.org/view/journals/007/2005/045/007.2005.issue-045-en.xml  |z IMF e-Library